00421nam a22001457a 4500003000500000038001800005082000800023100001700031245005800048264003300106300002400139650002000163700003400183856005800217NUST aNusrat Nadeem a200 aTariq, Azain aChange Management at Telenor Pakistan/cAzain Tariq,  aIslamabad;bNBS NUST;c2024. a60,p;bill;c30,cm. aExecutive MBA  aSupervisor: Dr. Zeeshan Mirza u http://10.250.8.41:8080/xmlui/handle/123456789/45663